Buteurs du PSG sous l'ère Laurent Blanc - Statistiques

Statistiques générales
  • Ce quiz a été pris 85 fois
  • Le résultat moyen est 17 sur 25
Statistiques - réponses
BUT(S) NATIONALITÉ POSTE JOUEUR % Correct
82 Uruguay ATT Edinson Cavani
100%
120 Suède ATT Zlatan Ibrahimović
100%
3 Italie MIL Marco Verratti
92%
9 Brésil DEF Marquinhos
92%
6 Brésil DEF Thiago Silva
92%
15 Argentine ATT Ángel Di María
88%
26 Brésil ATT Lucas Moura
88%
7 Italie MIL Thiago Motta
88%
17 France MIL Blaise Matuidi
87%
24 Argentine ATT Ezequiel Lavezzi
86%
10 Brésil DEF Maxwell
83%
5 Côte d'Ivoire DEF Serge Aurier
81%
12 Argentine MIL Javier Pastore
78%
3 Pays-Bas DEF Gregory van der Wiel
75%
8 Brésil DEF David Luiz
73%
13 France MIL Adrien Rabiot
70%
3 Brésil DEF Alex
57%
3 France MIL Yohan Cabaye
52%
3 France ATT Jean-Christophe Bahebeck
40%
1 France ATT Jean-Kévin Augustin
39%
3 France DEF Layvin Kurzawa
36%
2 France ATT Jérémy Ménez
35%
1 France MIL Clément Chantôme
23%
2 France ATT Hervin Ongenda
23%
1 France DEF Zoumana Camara
18%
Aucun quiz correspondant
Distribution des résultats
% des personnes avec chaque résultat
Percentile par nombre de réponses
Votre historique - résultats
Vous n’avez pas pris ce quiz